Statistics for Big Fish Little Pond

Click here to take the quiz!

General Stats

  • This quiz has been taken 8 times
  • The average score is 3 of 12

Answer Stats

Pop% of countries populationAnswer% Correct
5.35 million100Singapore
88%
1.45 million66.5Doha
38%
1.17 million34.78Kuwait City
38%
12.8 million29Manila
38%
8.5 million28.29Lima
25%
1.36 million40.21Montevideo
25%
5 million29.12Santiago
25%
2.6 million40.26Amman
13%
3 million28.02Athens
13%
1.6 million35.25Beirut
13%
1.8 million39.19Brazzaville
13%
1 million36.92Yerevan
0%

Score Distribution

Percentile by Number Answered

Percent of People with Each Score

Your Score History

You have not taken this quiz